5 Most Populated U.S Island Territories - Statistics

General Stats
  • This quiz has been taken 22 times
  • The average score is 2 of 5
Answer Stats
Hint Answer % Correct
1. (Most populated) Puerto Rico
79%
3. U.S. Virgin Islands
43%
2. Guam
36%
5. (Least populated) American Samoa
29%
4. Northern Mariana Islands
14%
No matching quizzes found
Score Distribution
Percent of People with Each Score
Percentile by Number Answered
Your Score History
You have not taken this quiz